000 00774nam a2200229 4500
001 120705
003 ES-MaACL
005 20250831121745.0
007 t|
008 070214s1965 sp r ||||1| spa d
100 1 _aPoliakov, León.
_9185275
245 1 0 _aAuschwitz :
_b(documentos y testimonios del genocidio nazi) /
_cLeón Poliakov ; traducción española de Alfredo Pastor Bodner.
250 _a1ª ed.
260 _aVilasar de Mar, Barcelona :
_bOccidente,
_c1965.
300 _a200 p. :
_bil. ;
_c21 cm.
490 1 _aLibros Tau ;
_v4
651 4 _aAuschwitz (Polonia, Campo de concentración)
_9155366
700 1 _aPastor, Alfredo,
_d1944-
_989471
830 1 0 _aLibros Tau
_v4
_9182006
852 _aES-MaACL
_jC-27470
999 _c120705
_d120705